00938nam a2200229 i 450000100060000000300090000600500170001500700030003200800410003510000310007624501440010726000330025130000280028450500930031265000290040570000270043470000320046170000420049385200340053599900170056995201220058651653ES-MaACL20250814033433.0t|030814s1960 sp ||||1| spa d1 aD'Ancona, Humberto.94234710aTratado de zoología / cHumberto D'Ancona ; traducción de E. Gadea, F. García del Cid, R. Margalef ; dirección F. García del Cid. aBarcelona : bLabor, c1960. a2 v. : bil. ; c25 cm.8 aContiene: 1. Zoología general (XV, 428 p.) -- 2. Zoología especial (XV, p. 429-1054) 7aZoología2embne9178680 aGadea, Enrique.9531881 aGarcía del Cid, F.9545081 aMargalef, Ramón, d1919-2004976608 aES-MaACLjC-17397-8 bR.45047 c51653d51653 00104070aATENEOMbATENEOMcMESd2008-01-17eSCl0oC-17397-8p1054318r2023-02-23 00:00:00w2023-02-23yMONOGRAFIA